| 000 | 00495nam a22001697a 4500 | ||
|---|---|---|---|
| 005 | 20240311130127.0 | ||
| 008 | 240222b |||||||| |||| 00| 0 eng d | ||
| 020 | _a9789351522294 | ||
| 082 |
_a617.607 _bKAR-E |
||
| 100 | _aKarjodkar, Freny R . | ||
| 245 |
_aEssentials of Oral & Maxillofacial Radiology / _cFreny R Karjodkar |
||
| 260 |
_aindia : _bElsevier ; _c2014 . |
||
| 300 |
_axii , 642 p. : _bill ; _c27 cm . |
||
| 500 | _aInclude Index. | ||
| 650 | _aMedical / Dentistry | ||
| 999 |
_c35170 _d35170 |
||